Diagnóstico y terapéutica en endocrinología ginecológica y reproductiva / (Registro nro. 1036)

Detalles MARC
000 -LEADER
fixed length control field 01094nam a2200289 a 4500
008 - CAMPO DE CONTROL (LIBRO)
fixed length control field 110830s2010 ag a f |||| 001 0 spa d
020 ## - INTERNATIONAL STANDARD BOOK NUMBER
ISBN 9871259026
041 ## - CODIGO DE IDIOMA
Código de idioma del texto/pista de sonido o título separado spa
092 ## - SIGNATURA TOPOGRAFICA DEWEY LOCAL
número de clasificación 616.4
libristica 16
sección DIA
245 ## - TITULO PROPIAMENTE DICHO
Título Diagnóstico y terapéutica en endocrinología ginecológica y reproductiva /
Mención de responsabilidad y remanente de la transcripción de la portada Inés De la Parra
250 ## - MENCION DE EDICION
Mención de edición 1a ed. 3a reimp.
260 ## - PIE DE IMPRENTA
Lugar de publicación, distribución, etc Buenos Aires:
Nombre de la editorial, distribuidor, etc Journal;
Fecha de publicación 2010.
300 ## - DESCRIPCION FISICA
Extension 846 p.
Dimensiones 28x20 cm.
500 ## - NOTA GENERAL
Nota general De la Parra, I., Cortelezzi, M. E. y Lombardi, E. P. (Coords.). (2010). Diagnóstico y terapéutica en endocrinología ginecológica y reproductiva. (1a ed.). Buenos Aires : Journal.
590 ## - NOTAS LOCALES (RLIN)
Nota local Proyecto PROMED, Junio 2012
653 ## - TÉRMINO INDIZADO - PALABRAS CLAVES
Palabra clave Laboratorio bioquímico
653 ## - TÉRMINO INDIZADO - PALABRAS CLAVES
Palabra clave Fisiología
653 ## - TÉRMINO INDIZADO - PALABRAS CLAVES
Palabra clave Pubertad - Adolescencia
653 ## - TÉRMINO INDIZADO - PALABRAS CLAVES
Palabra clave Madurez sexual - Reproducción
653 ## - TÉRMINO INDIZADO - PALABRAS CLAVES
Palabra clave Climaterio
653 ## - TÉRMINO INDIZADO - PALABRAS CLAVES
Palabra clave Anticoncepción
653 ## - TÉRMINO INDIZADO - PALABRAS CLAVES
Palabra clave Vademécum endocrinológico
700 1# - ENTRADAS SECUNDARIAS - NOMBRE PERSONAL
Nombre personal De la Parra, Inés
Función Coord.
9 (RLIN) 1712
700 1# - ENTRADAS SECUNDARIAS - NOMBRE PERSONAL
Nombre personal Cortelezzi, Marta Elena
Función Coord.
9 (RLIN) 1713
700 1# - ENTRADAS SECUNDARIAS - NOMBRE PERSONAL
Nombre personal Lombardi, Eduardo Pedro
Función Coord.
9 (RLIN) 1714
942 ## - ADDED ENTRY ELEMENTS (KOHA)
Source of classification or shelving scheme Dewey Decimal Classification
Item type Libros
Existencias
Estado de retiro Existencia Fuente de clasificación Estado general No para prestamo Colección Ubicación permanente ubicación actual Sala de ubicación Fecha de adquisición Total Checkouts Número de clasificación Código de barras Date last seen Número de ejemplar Price effective from Koha tipo de elemento (item) Public note Date last borrowed
    Dewey Decimal Classification     Reference Biblioteca Medicina Biblioteca Medicina Referencia 04/06/2012   616.4 16 DIA 2500 06/11/2014 ej.1 04/06/2012 Reference LIBRO DE CONSULTA  
    Dewey Decimal Classification       Biblioteca Medicina Biblioteca Medicina Circulación 04/06/2012 2 616.4 16 DIA 2501 06/11/2014 ej.2 04/06/2012 Libros   15/05/2013
    Dewey Decimal Classification       Biblioteca Medicina Biblioteca Medicina Circulación 04/06/2012 2 616.4 16 DIA 2502 06/11/2014 ej.3 04/06/2012 Libros   22/06/2012
    Dewey Decimal Classification       Biblioteca Medicina Biblioteca Medicina Circulación 04/06/2012 1 616.4 16 DIA 2503 08/06/2015 ej.4 04/06/2012 Libros   04/06/2015

UNIVERSIDAD NACIONAL DEL COMAHUE
Biblioteca de la Facultad de Ciencias Médicas
Sede Toschi: Los Arrayanes y Av. Toschi, Cipolletti  - Rio Negro
Sede Los Tordos:  Yrigoyen al 2211, Cipolletti - Rio Negro 

Teléfono: 0299 - 4774707 int 25
Contacto: biblioteca@facimed.uncoma.edu.ar
© 2011 - 2026